000 01014nam a2200229Ii 4500
003 JO-AjNU
008 230605s9999||||xx |||||||||||||| ||und||
017 _a1430/4758
020 _a978-9960-00-342-9
040 _aJO-AjNU
_bara
_erda
_cJO-AjNU
041 _aara
050 1 4 _aZ699.35 209
100 3 _aتحرير جونز ،واين ،جوديث اهرونهايم ،جوزفين كروفورد /مراجعة جمال الدين الفرماوي ,
_eauthor
_927641
245 0 0 _aتنظيم المعلومات على الشبكة العنكوبيتية العالمية الميتاداتا وقواعد الفهرسة الانجلو الامريكية
264 3 1 _aالرياض :مكتبة الملك فهد ،2009
300 _a420ص
_bصور توضيحية
336 _atext
_btxt
_2rdacontent
337 _aunmediated
_bn
_2rdamedia
338 _avolume
_bnc
_2rdacarrier
490 0 _aالسلسلة الثانية 68
650 4 _aالفهرسة الالية-شبكات المعلومات
_927642
999 _aA10627
_c14195
_d14195